[Event "UKRAINIAN WOMEN CHESS CHAMPIONSHIP 2011"]
[Site "?"]
[Date "2011.10.07"]
[Round "1.2"]
[White "Petrova, Irina"]
[Black "Vasilevich, Tatjana"]
[Result "1/2-1/2"]
[WhiteElo "2107"]
[BlackElo "2423"]
[PlyCount "64"]
[EventDate "2011.10.07"]
[SourceDate "2011.10.07"]

1. d4 e6 2. c4 Bb4+ 3. Bd2 a5 4. g3 d6 5. Bg2 Nc6 6. Nf3 e5 7. Bxb4 axb4 8. d5
Nb8 9. Qb3 c5 10. dxc6 Nxc6 11. O-O Nh6 12. Nbd2 Qe7 13. Rfd1 O-O 14. e3 Bg4
15. h3 Be6 16. Ne1 Rfc8 17. Qd3 Rd8 18. Kh2 Ra6 19. Nc2 Rda8 20. Bxc6 bxc6 21.
Nxb4 Rb6 22. a3 f5 23. Nf1 Nf7 24. Rac1 Rab8 25. Rc2 c5 26. Nd5 Bxd5 27. Qxd5
Rxb2 28. Rxb2 Rxb2 29. Rd2 Rb1 30. Rd1 Rb2 31. Rd2 Rb1 32. Rd1 Rb2 1/2-1/2

[Event "UKRAINIAN WOMEN CHESS CHAMPIONSHIP 2011"]
[Site "?"]
[Date "2011.10.07"]
[Round "1.4"]
[White "Kalinina, Marianna"]
[Black "Dolzhykova, Kateryna"]
[Result "0-1"]
[WhiteElo "2039"]
[BlackElo "2311"]
[PlyCount "74"]
[EventDate "2011.10.07"]
[SourceDate "2011.10.07"]

1. e4 c5 2. Nf3 d6 3. d4 cxd4 4. Nxd4 Nf6 5. Nc3 g6 6. Bc4 Bg7 7. O-O O-O 8.
Bb3 Nc6 9. Nf3 b6 10. h3 Bb7 11. Qe2 Nd7 12. Rd1 Nc5 13. Bg5 Nxb3 14. axb3 h6
15. Bf4 Qd7 16. Qd2 g5 17. Bg3 f5 18. exf5 Rxf5 19. Re1 Rxf3 20. gxf3 Nd4 21.
Re3 Qxh3 22. Qd3 g4 23. Ne4 Nxf3+ 24. Rxf3 gxf3 25. Qxf3 Kh8 26. Ng5 Bxf3 27.
Nxh3 Bxb2 28. Ra2 Bc3 29. Ra4 a5 30. Rc4 Bf6 31. Ra4 b5 32. Ra2 a4 33. Nf4 h5
34. Kh2 Kh7 35. Nd3 e5 36. Ne1 axb3 37. Rb2 Bd5 0-1

[Event "UKRAINIAN WOMEN CHESS CHAMPIONSHIP 2011"]
[Site "?"]
[Date "2011.10.07"]
[Round "1.5"]
[White "Kalinina, Olga"]
[Black "Bezkorovaina, Marija"]
[Result "0-1"]
[WhiteElo "2288"]
[BlackElo "2023"]
[PlyCount "112"]
[EventDate "2011.10.07"]
[SourceDate "2011.10.07"]

1. e4 c5 2. Ne2 d6 3. d4 cxd4 4. Nxd4 Nf6 5. Nc3 g6 6. f4 Nbd7 7. Bc4 Bg7 8.
Nf3 O-O 9. O-O b5 10. Bd3 Bb7 11. Qe2 b4 12. Nd1 Nc5 13. Nf2 Rc8 14. Bd2 Qb6
15. Be3 Qc7 16. Bd4 Ne6 17. Be3 Rfd8 18. f5 Nc5 19. fxg6 hxg6 20. Ng5 d5 21.
Bxc5 Qxc5 22. e5 Ne4 23. Qg4 Bh6 24. Bxe4 dxe4 25. Kh1 Bxg5 26. Qxg5 Kg7 27.
Ng4 Rh8 28. Qf4 Bd5 29. Rad1 Rh5 30. Rde1 Rch8 31. Rf2 Rf5 32. Qg3 Rxf2 33.
Nxf2 Qxc2 34. Ng4 Qxb2 35. h3 Rh5 36. Kh2 Qxa2 37. Rf1 Qa6 38. Qf4 Qe6 39. Rd1
b3 40. Ne3 Bb7 41. Ng4 e3 42. Re1 b2 43. Qb4 Rh4 44. Qxb7 Qxg4 45. Qxb2 Qf4+
46. Kh1 Qe4 47. e6+ f6 48. Qa3 Rxh3+ 49. Kg1 Rh1+ 50. Kxh1 Qh4+ 51. Kg1 Qxe1+
52. Kh2 Qh4+ 53. Kg1 Qf2+ 54. Kh2 e2 55. Qxe7+ Kh6 56. Qf8+ Kg5 0-1

[Event "UKRAINIAN WOMEN CHESS CHAMPIONSHIP 2011"]
[Site "?"]
[Date "2011.10.07"]
[Round "1.6"]
[White "Rudakova, Janetta"]
[Black "Cherednichenko, Svetlana"]
[Result "1-0"]
[WhiteElo "1986"]
[BlackElo "2283"]
[PlyCount "143"]
[EventDate "2011.10.07"]
[SourceDate "2011.10.07"]

1. Nf3 f5 2. g3 Nf6 3. Bg2 g6 4. d4 Bg7 5. c4 d6 6. Nc3 O-O 7. O-O Nc6 8. d5
Na5 9. Qd3 e5 10. dxe6 Bxe6 11. b3 Nc6 12. Bb2 Nd7 13. Qd2 Kh8 14. Nd5 Nf6 15.
Ng5 Bg8 16. e4 h6 17. Nh3 g5 18. Nxf6 Bxf6 19. exf5 Bxb2 20. Qxb2+ Qf6 21.
Qxf6+ Rxf6 22. Bxc6 bxc6 23. g4 d5 24. cxd5 Bxd5 25. f4 Rg8 26. fxg5 hxg5 27.
Rae1 Rf7 28. Re3 a5 29. Rfe1 Rh7 30. Nf2 Rf7 31. Nd3 Kg7 32. Nc5 Rd8 33. Re8
Rxe8 34. Rxe8 Kf6 35. Ne4+ Bxe4 36. Rxe4 Rd7 37. Kf2 Rd2+ 38. Re2 Rd6 39. a4
Kf7 40. Re3 Rd2+ 41. Kg3 Rd1 42. h3 Rc1 43. Kf3 c5 44. Ke2 c4 45. Kd2 Ra1 46.
Rc3 Ra2+ 47. Kc1 cxb3 48. Rxc7+ Kf6 49. Rc3 Rxa4 50. Rxb3 Ra2 51. Kb1 Rh2 52.
Ra3 Kf7 53. Kc1 Kf6 54. Kd1 a4 55. Ke1 Ke5 56. Kf1 Rb2 57. Rxa4 Rb3 58. Ra5+
Kf6 59. Ra6+ Ke5 60. Rh6 Ke4 61. Rh8 Kf3 62. Ke1 Kg3 63. Ke2 Ra3 64. Rh7 Rb3
65. f6 Rf3 66. f7 Rf4 67. Ke3 Kg2 68. h4 Rf3+ 69. Ke4 gxh4 70. g5 h3 71. g6 h2
72. Rxh2+ 1-0

[Event "UKRAINIAN WOMEN CHESS CHAMPIONSHIP 2011"]
[Site "?"]
[Date "2011.10.07"]
[Round "1.7"]
[White "Doluhanova, Evgeniya"]
[Black "Agudova, Olga"]
[Result "1/2-1/2"]
[WhiteElo "2250"]
[BlackElo "1980"]
[PlyCount "138"]
[EventDate "2011.10.07"]
[SourceDate "2011.10.07"]

1. e4 c5 2. Nf3 Nc6 3. d4 cxd4 4. Nxd4 Nf6 5. Nc3 e5 6. Ndb5 d6 7. Nd5 Nxd5 8.
exd5 Nb8 9. c4 Be7 10. Be2 a6 11. Nc3 O-O 12. O-O f5 13. f4 Nd7 14. Kh1 Bf6 15.
Qc2 g6 16. Be3 Bg7 17. Rae1 Qc7 18. Rc1 b6 19. b4 Bb7 20. Qd2 Rac8 21. Na4 Qd8
22. c5 exf4 23. Bxf4 dxc5 24. bxc5 Nxc5 25. Nxc5 bxc5 26. Bc4 Kh8 27. Rb1 Qd7
28. Rb6 Bd4 29. Rd6 Qa4 30. Qd3 Rf6 31. Rxf6 Bxf6 32. Rb1 Re8 33. h3 Qd7 34.
Rb6 Re1+ 35. Kh2 Bd4 36. Qd2 Re4 37. Bd3 Re8 38. Rd6 Qg7 39. Bc4 g5 40. Bg3 f4
41. Bf2 Be3 42. Qe1 Qd4 43. Bxe3 fxe3 44. Be2 Bxd5 45. Qg3 Qe5 46. Rxa6 Qxg3+
47. Kxg3 Ra8 48. Rxa8+ Bxa8 49. Bf3 e2 50. Kf2 Bxf3 51. gxf3 Kg7 52. Kxe2 Kf7
53. Kd3 Ke6 54. Kc4 Kd6 55. a4 Kc6 56. a5 h6 57. a6 Kb6 58. a7 Kxa7 59. Kxc5
Kb7 60. Kd6 Kb6 61. Ke5 Kc5 62. Kf5 Kd5 63. Kf6 Kd6 64. Kf7 Kd7 65. Kg7 Ke7 66.
Kg6 Ke6 67. Kxh6 Kf6 68. Kh5 Kf5 69. Kh6 Kf6 1/2-1/2

[Event "UKRAINIAN WOMEN CHESS CHAMPIONSHIP 2011"]
[Site "?"]
[Date "2011.10.07"]
[Round "1.8"]
[White "Sharovskaya, Olga"]
[Black "Andrenko, Irina"]
[Result "0-1"]
[WhiteElo "1957"]
[BlackElo "2231"]
[PlyCount "52"]
[EventDate "2011.10.07"]
[SourceDate "2011.10.07"]

1. e4 d6 2. d4 Nf6 3. Nc3 g6 4. f3 Bg7 5. Be3 c6 6. Qd2 b5 7. g4 h5 8. g5 Nfd7
9. d5 b4 10. dxc6 Nxc6 11. Nd5 Rb8 12. c4 bxc3 13. Nxc3 O-O 14. f4 Qa5 15. Rc1
Nc5 16. Nge2 Ba6 17. Ng3 h4 18. Bxa6 Qxa6 19. Bxc5 dxc5 20. Nge2 Rfd8 21. Qe3
Bd4 22. Qf3 Rxb2 23. e5 Nb4 24. Nd1 Nd3+ 25. Kf1 Nxc1 26. Nxb2 Bxb2 0-1

[Event "UKRAINIAN WOMEN CHESS CHAMPIONSHIP 2011"]
[Site "?"]
[Date "2011.10.07"]
[Round "1.9"]
[White "Rakhmangulova, Anastasiya"]
[Black "Tkachova, Anastasia"]
[Result "1-0"]
[WhiteElo "2207"]
[BlackElo "1948"]
[PlyCount "65"]
[EventDate "2011.10.07"]
[SourceDate "2011.10.07"]

1. e4 c5 2. Nf3 d6 3. h3 Nc6 4. c3 g6 5. d4 cxd4 6. cxd4 Bg7 7. Nc3 Nf6 8. Bc4
O-O 9. Bb3 a6 10. O-O b5 11. e5 Ne8 12. Qe2 e6 13. Bg5 Qd7 14. Rfd1 d5 15. Qe3
Nc7 16. Bf6 Bb7 17. Qf4 Ne8 18. Bxg7 Kxg7 19. h4 f6 20. Qg3 Ne7 21. h5 Nf5 22.
Qh3 Qf7 23. Bc2 Nh6 24. Qg3 f5 25. Ng5 Qg8 26. Ne2 Nc7 27. Nf4 Ng4 28. hxg6
hxg6 29. f3 Ne3 30. Rdc1 Nxc2 31. Rxc2 Rfc8 32. Rac1 Ne8 33. Nfxe6+ 1-0

[Event "UKRAINIAN WOMEN CHESS CHAMPIONSHIP 2011"]
[Site "?"]
[Date "2011.10.07"]
[Round "1.10"]
[White "Myronenko, Natalya"]
[Black "Goreskul, Alyona"]
[Result "0-1"]
[WhiteElo "1928"]
[BlackElo "2199"]
[PlyCount "58"]
[EventDate "2011.10.07"]
[SourceDate "2011.10.07"]

1. e4 e5 2. Bc4 Nf6 3. d3 Bc5 4. Nf3 Nc6 5. O-O d6 6. c3 Bb6 7. Bb3 h6 8. Nbd2
Ne7 9. Re1 Ng6 10. Nf1 O-O 11. d4 Bg4 12. Ng3 Qc8 13. Be3 Nh4 14. dxe5 Bxf3 15.
Qxf3 Nxf3+ 16. gxf3 dxe5 17. Nf5 Kh7 18. Kf1 g6 19. Bxb6 axb6 20. Ne3 Nh5 21.
Ke2 Nf4+ 22. Kf1 Qh3+ 23. Kg1 Qxf3 24. h4 Nh3+ 25. Kh2 Nxf2 26. Ng2 Ng4+ 27.
Kg1 Qf2+ 28. Kh1 Qg3 29. Kg1 Qh2+ 0-1

[Event "UKRAINIAN WOMEN CHESS CHAMPIONSHIP 2011"]
[Site "?"]
[Date "2011.10.07"]
[Round "1.11"]
[White "Huda, Maryana"]
[Black "Bogdan, Darya"]
[Result "1-0"]
[WhiteElo "2196"]
[BlackElo "1920"]
[PlyCount "83"]
[EventDate "2011.10.07"]
[SourceDate "2011.10.07"]

1. d4 d5 2. c4 c6 3. Nf3 Nf6 4. e3 a6 5. Bd3 Bg4 6. Nbd2 Nbd7 7. Qb3 Qb6 8.
Qxb6 Nxb6 9. Ne5 Bh5 10. c5 Nbd7 11. f4 e6 12. b4 Be7 13. O-O Nxe5 14. fxe5 Nd7
15. Nb3 f6 16. exf6 Bxf6 17. Bd2 O-O 18. a4 e5 19. Bf5 Rfd8 20. g4 Bg6 21. Bxg6
hxg6 22. e4 exd4 23. exd5 cxd5 24. g5 Be5 25. Rae1 Re8 26. Kg2 Rad8 27. Rf2 Rf8
28. Rxf8+ Rxf8 29. Na5 Bc7 30. Nxb7 Ne5 31. b5 axb5 32. axb5 Nc4 33. Bc1 Ra8
34. b6 Bb8 35. Nd8 Kf8 36. Ne6+ Kf7 37. Nxd4 Ra2+ 38. Re2 Ra1 39. Bf4 Bxf4 40.
Rf2 Ra5 41. Rxf4+ Ke8 42. b7 1-0

[Event "UKRAINIAN WOMEN CHESS CHAMPIONSHIP 2011"]
[Site "?"]
[Date "2011.10.07"]
[Round "1.12"]
[White "Ponyatyshyna, Natalia"]
[Black "Tsirulnik, Maritsa"]
[Result "0-1"]
[WhiteElo "1794"]
[BlackElo "2168"]
[PlyCount "74"]
[EventDate "2011.10.07"]
[SourceDate "2011.10.07"]

1. d4 Nf6 2. c4 e6 3. Nf3 d5 4. Bg5 Bb4+ 5. Nc3 dxc4 6. Qa4+ Nc6 7. e3 Bd7 8.
Qc2 b5 9. Be2 Rb8 10. O-O Be7 11. e4 O-O 12. Rfd1 h6 13. Bh4 b4 14. e5 Nd5 15.
Bxe7 Qxe7 16. Ne4 Na5 17. Bxc4 Nxc4 18. Qxc4 Bb5 19. Qc2 Rb6 20. Nc5 Nf4 21.
Qe4 g5 22. Rd2 Bc6 23. Qe3 f5 24. exf6 Qxf6 25. Ne4 Qf5 26. Ng3 Qd5 27. Qe5
Nxg2 28. Qxd5 Bxd5 29. Ne5 Nh4 30. Rc2 Rb7 31. Rac1 c6 32. Nf1 Rf4 33. Ne3 Be4
34. Rc5 Rb8 35. Nxc6 Nf3+ 36. Kf1 Nxh2+ 37. Ke2 Rbf8 0-1

[Event "UKRAINIAN WOMEN CHESS CHAMPIONSHIP 2011"]
[Site "?"]
[Date "2011.10.07"]
[Round "1.13"]
[White "Motsar, Irina"]
[Black "Kurilo, Anna"]
[Result "1-0"]
[WhiteElo "2145"]
[BlackElo "1655"]
[PlyCount "53"]
[EventDate "2011.10.07"]
[SourceDate "2011.10.07"]

1. e4 c5 2. Nf3 d6 3. d4 cxd4 4. Nxd4 Nf6 5. Nc3 a6 6. Bg5 Nbd7 7. f4 b5 8. Qf3
Bb7 9. O-O-O b4 10. Nd5 Nxd5 11. exd5 Qa5 12. Bc4 Nb6 13. Bb3 h6 14. Bh4 Bxd5
15. Bxd5 Qxd5 16. Rhe1 Rc8 17. Qxd5 Nxd5 18. Nf5 Rc5 19. Nxd6+ Kd7 20. Nxf7 Rg8
21. Ne5+ Kc7 22. Ng6 Rc6 23. f5 Rxg6 24. fxg6 Nf4 25. Bg3 e5 26. Bxf4 exf4 27.
Re8 1-0

[Event "UKRAINIAN WOMEN CHESS CHAMPIONSHIP 2011"]
[Site "?"]
[Date "2011.10.08"]
[Round "2.2"]
[White "Dolzhykova, Kateryna"]
[Black "Huda, Maryana"]
[Result "1-0"]
[WhiteElo "2311"]
[BlackElo "2196"]
[PlyCount "89"]
[EventDate "2011.10.07"]
[SourceDate "2011.10.07"]

1. e4 e5 2. Nf3 Nf6 3. Nxe5 d6 4. Nf3 Nxe4 5. d3 Nf6 6. d4 d5 7. Bd3 Bd6 8. O-O
O-O 9. Bg5 Bg4 10. Nbd2 Nbd7 11. c4 dxc4 12. Nxc4 Nb6 13. Nce5 Be6 14. Qc2 h6
15. Bh4 Nbd5 16. a3 c6 17. Rae1 Qc7 18. Nc4 Rfe8 19. Nfe5 Nh5 20. Bh7+ Kh8 21.
Bf5 Kg8 22. Bxe6 Rxe6 23. Qf5 Nhf6 24. Bg3 Bxe5 25. dxe5 Ne8 26. Re4 b5 27. Nd6
Nxd6 28. exd6 Qd7 29. Rxe6 fxe6 30. Qe5 Re8 31. Re1 Qf7 32. f4 Nf6 33. Qc5 Qb7
34. Bf2 a5 35. b4 a4 36. Rc1 Rc8 37. Qe5 Qd7 38. Re1 Re8 39. h3 Kf7 40. g4 Rd8
41. Bb6 Rg8 42. g5 Qe8 43. f5 exf5 44. Qe7+ Kg6 45. gxf6 1-0

[Event "UKRAINIAN WOMEN CHESS CHAMPIONSHIP 2011"]
[Site "?"]
[Date "2011.10.08"]
[Round "2.3"]
[White "Andrenko, Irina"]
[Black "Motsar, Irina"]
[Result "1-0"]
[WhiteElo "2231"]
[BlackElo "2145"]
[PlyCount "103"]
[EventDate "2011.10.07"]
[SourceDate "2011.10.07"]

1. e4 c5 2. Nf3 d6 3. c3 Nf6 4. Be2 g6 5. O-O Bg7 6. Qc2 O-O 7. d4 cxd4 8. cxd4
Nc6 9. d5 Nb4 10. Qc4 a5 11. Nc3 Bg4 12. a3 Nc2 13. Rb1 Bxf3 14. Bxf3 Nd7 15.
Qd3 Nd4 16. Bd1 Nc5 17. Qh3 b5 18. b4 axb4 19. Rxb4 Na6 20. Rb1 Qa5 21. Ne2
Rfc8 22. Bg5 Nc5 23. Nxd4 Bxd4 24. Bxe7 Nxe4 25. Qd3 Bxf2+ 26. Kh1 f5 27. Bf3
Rc3 28. Qd1 Qa7 29. Bxe4 Qxe7 30. Bxf5 gxf5 31. Rxf2 Qe4 32. Rb4 Qe3 33. Rf1
Qd3 34. Qe1 Kh8 35. Rbf4 Rac8 36. R4f3 Qc4 37. Qa1 Kg8 38. Rxf5 Qc5 39. Qe1 Qe3
40. Qh4 Rc1 41. h3 Rxf1+ 42. Rxf1 Re8 43. Qf6 Qe5 44. Qf7+ Kh8 45. Rf5 Qe7 46.
Qh5 Rg8 47. Qf3 Qe1+ 48. Kh2 b4 49. axb4 Qxb4 50. Rf8 Qd4 51. Rxg8+ Kxg8 52.
Qg3+ 1-0

[Event "UKRAINIAN WOMEN CHESS CHAMPIONSHIP 2011"]
[Site "?"]
[Date "2011.10.08"]
[Round "2.4"]
[White "Bezkorovaina, Marija"]
[Black "Rakhmangulova, Anastasiya"]
[Result "0-1"]
[WhiteElo "2023"]
[BlackElo "2207"]
[PlyCount "50"]
[EventDate "2011.10.07"]
[SourceDate "2011.10.07"]

1. e4 d5 2. exd5 Qxd5 3. d4 Nf6 4. Nc3 Qd6 5. Bd3 Nc6 6. Nge2 Bg4 7. f3 Bh5 8.
Bf4 Qd7 9. Qd2 e6 10. g4 Bg6 11. Ne4 O-O-O 12. Nxf6 gxf6 13. O-O-O Qd5 14. Nc3
Qa5 15. Bxg6 hxg6 16. Qe3 Rh3 17. Kb1 Qb6 18. Ne2 e5 19. Bg3 exd4 20. Qe4 Ba3
21. b3 Rhh8 22. Bf2 Rhe8 23. Qd3 Ne5 24. Qe4 Nc4 25. Qd3 Nb2 0-1

[Event "UKRAINIAN WOMEN CHESS CHAMPIONSHIP 2011"]
[Site "?"]
[Date "2011.10.08"]
[Round "2.5"]
[White "Goreskul, Alyona"]
[Black "Rudakova, Janetta"]
[Result "1-0"]
[WhiteElo "2199"]
[BlackElo "1986"]
[PlyCount "80"]
[EventDate "2011.10.07"]
[SourceDate "2011.10.07"]

1. e4 c5 2. Nf3 Nc6 3. d4 cxd4 4. Nxd4 e5 5. Nb5 d6 6. c4 Nf6 7. N1c3 a6 8. Na3
Bg4 9. Be2 Bxe2 10. Qxe2 Nd4 11. Qd3 Be7 12. O-O O-O 13. Be3 Ne6 14. f3 Rc8 15.
Rfd1 Qc7 16. Rac1 Qb8 17. Qd2 Rfd8 18. Qf2 Nc5 19. b4 Ncd7 20. Qb2 Qa8 21. Na4
Qb8 22. b5 Nc5 23. Nb6 Rc7 24. Nc2 Qa7 25. Nd5 Nxd5 26. Rxd5 Qb8 27. Nb4 a5 28.
b6 Rcc8 29. Bxc5 dxc5 30. Rxd8+ Bxd8 31. Nd5 Rc6 32. Rd1 Kf8 33. Qb5 Qa8 34.
Rd3 f6 35. Ra3 Kf7 36. Rxa5 Qb8 37. Ra3 Qd6 38. Ra7 Qd7 39. h3 h5 40. Qa6 Kg6
1-0

[Event "UKRAINIAN WOMEN CHESS CHAMPIONSHIP 2011"]
[Site "?"]
[Date "2011.10.08"]
[Round "2.6"]
[White "Agudova, Olga"]
[Black "Gaponenko, Inna"]
[Result "0-1"]
[WhiteElo "1980"]
[BlackElo "2445"]
[PlyCount "79"]
[EventDate "2011.10.07"]
[SourceDate "2011.10.07"]

1. e4 c5 2. c3 g6 3. Nf3 Bg7 4. d4 cxd4 5. cxd4 d5 6. exd5 Nf6 7. Nc3 Nxd5 8.
Bc4 Nb6 9. Bb3 Nc6 10. Be3 Na5 11. O-O O-O 12. Ne5 Nxb3 13. Qxb3 Be6 14. Qd1 f6
15. Nd3 f5 16. Nf4 Bf7 17. d5 Qd6 18. Nb5 Qd7 19. Bxb6 axb6 20. Qe2 Rfc8 21.
Ne6 Ra5 22. a4 Qxd5 23. Nxg7 Kxg7 24. Qxe7 Re8 25. Qc7 Qc6 26. Qxc6 bxc6 27.
Nd6 Rea8 28. Nxf7 Kxf7 29. Rac1 c5 30. b3 Rd8 31. Rcd1 Rxd1 32. Rxd1 b5 33.
axb5 Rxb5 34. Rb1 c4 35. b4 Ke6 36. Kf1 Kd5 37. Ke2 Kd4 38. Kd2 Rd5 39. Rc1 f4
40. f3 {time} 0-1

[Event "UKRAINIAN WOMEN CHESS CHAMPIONSHIP 2011"]
[Site "?"]
[Date "2011.10.08"]
[Round "2.9"]
[White "Tkachova, Anastasia"]
[Black "Kalinina, Olga"]
[Result "0-1"]
[WhiteElo "1948"]
[BlackElo "2288"]
[PlyCount "72"]
[EventDate "2011.10.07"]
[SourceDate "2011.10.07"]

1. e4 c5 2. Nc3 a6 3. g3 b5 4. Bg2 Bb7 5. f4 e6 6. d3 b4 7. Nb1 d5 8. e5 h5 9.
Nf3 Nh6 10. Be3 Nc6 11. h3 Qb6 12. O-O Be7 13. Nbd2 a5 14. a4 Nd4 15. Nb3 Nxb3
16. cxb3 Nf5 17. Bf2 Rc8 18. Rc1 Kd7 19. Rc2 Ba6 20. Qd2 Bb7 21. Rfc1 d4 22.
Qe2 Bd5 23. Nd2 g5 24. Be4 gxf4 25. gxf4 Rcg8+ 26. Kh2 Qb8 27. Qf3 Qa8 28. Nc4
Kc7 29. Nd6 Bxd6 30. exd6+ Kxd6 31. Rxc5 Rc8 32. Bxd5 exd5 33. Qe2 Ne3 34. Rxc8
Rxc8 35. Rxc8 Qxc8 36. Qd2 Nf1+ 0-1

[Event "UKRAINIAN WOMEN CHESS CHAMPIONSHIP 2011"]
[Site "?"]
[Date "2011.10.08"]
[Round "2.10"]
[White "Cherednichenko, Svetlana"]
[Black "Myronenko, Natalya"]
[Result "1-0"]
[WhiteElo "2283"]
[BlackElo "1928"]
[PlyCount "83"]
[EventDate "2011.10.07"]
[SourceDate "2011.10.07"]

1. d4 Nf6 2. Nf3 e6 3. e3 b6 4. Bd3 Bb7 5. O-O c5 6. b3 cxd4 7. exd4 Nc6 8. Bb2
Nb4 9. Be2 Rc8 10. c4 d5 11. Ne5 Be7 12. Nd2 O-O 13. f4 dxc4 14. bxc4 b5 15. c5
Nbd5 16. Qb3 b4 17. Rac1 Nc3 18. Bxc3 bxc3 19. Qxc3 Ne4 20. Nxe4 Bxe4 21. Bf3
Bxf3 22. Rxf3 Qd5 23. Qc4 Rfd8 24. Qxd5 Rxd5 25. Rd3 f6 26. Nc4 Bxc5 27. Ne3
Rdd8 28. Rdc3 Bxd4 29. Rxc8 Bxe3+ 30. Kf1 Bxc1 31. Rxd8+ Kf7 32. Rd7+ Kg6 33.
Rxa7 Bxf4 34. g3 Be3 35. Rd7 e5 36. a4 Kh6 37. a5 g5 38. a6 Kg6 39. g4 h5 40.
h3 hxg4 41. hxg4 Bc5 42. a7 1-0

[Event "UKRAINIAN WOMEN CHESS CHAMPIONSHIP 2011"]
[Site "?"]
[Date "2011.10.08"]
[Round "2.11"]
[White "Zingaylo, Anastasiya"]
[Black "Ponyatyshyna, Natalia"]
[Result "1-0"]
[WhiteElo "2071"]
[BlackElo "1794"]
[PlyCount "67"]
[EventDate "2011.10.07"]
[SourceDate "2011.10.07"]

1. e4 c5 2. c3 d5 3. exd5 Qxd5 4. d4 Nc6 5. Nf3 Nf6 6. Be2 Bf5 7. O-O e6 8. Be3
cxd4 9. Nxd4 Be7 10. c4 Qe5 11. Nc3 O-O 12. Nxc6 bxc6 13. Bf3 Rab8 14. Bd4 Qc7
15. Qe2 Nd7 16. Be4 Bxe4 17. Nxe4 e5 18. Bc3 f5 19. Nd2 Bd6 20. g3 Bb4 21. Bxb4
Rxb4 22. Nf3 a5 23. Rad1 e4 24. Ng5 Nc5 25. b3 h6 26. Qe3 Qb6 27. Nh3 a4 28.
Nf4 axb3 29. axb3 Rxb3 30. Qd4 Re8 31. Nh5 Re7 32. Qd6 Rd7 33. Qg6 Rbd3 34.
Nf6+ 1-0

[Event "UKRAINIAN WOMEN CHESS CHAMPIONSHIP 2011"]
[Site "?"]
[Date "2011.10.08"]
[Round "2.12"]
[White "Bogdan, Darya"]
[Black "Kalinina, Marianna"]
[Result "0-1"]
[WhiteElo "1920"]
[BlackElo "2039"]
[PlyCount "142"]
[EventDate "2011.10.07"]
[SourceDate "2011.10.07"]

1. d4 d6 2. c4 Nf6 3. Nc3 g6 4. e4 Bg7 5. f3 O-O 6. Bg5 h6 7. Be3 c6 8. Qd2 Kh7
9. g4 e5 10. d5 Bxg4 11. fxg4 Nxg4 12. O-O-O Nxe3 13. Qxe3 cxd5 14. cxd5 Nd7
15. Kb1 a6 16. h4 Nf6 17. Be2 b5 18. Bf3 Qd7 19. Nh3 Rac8 20. Nf2 b4 21. Ne2
Rc4 22. Rc1 Rxc1+ 23. Rxc1 Rb8 24. Rc6 a5 25. Nc1 h5 26. Be2 Bh6 27. Qf3 Ne8
28. Nh3 f6 29. Nf2 Qa7 30. Nfd3 a4 31. Qh3 a3 32. b3 Ng7 33. Rc4 Bd2 34. Qf3 f5
35. Bf1 Qe7 36. Qf2 Bh6 37. Bg2 Rf8 38. Qe2 f4 39. Qf2 Qf6 40. Bf3 g5 41. hxg5
Qxg5 42. Ne2 Ne8 43. Rxb4 Nf6 44. Ra4 Qg6 45. Qh2 Rc8 46. Qh3 Re8 47. Nf2 Rg8
48. Rxa3 Ng4 49. Ra7+ Kh8 50. Nd3 Nf6 51. Kb2 Nxe4 52. Qxh5 Qxh5 53. Bxh5 Nf6
54. Bf7 Rg2 55. Kc3 Rxe2 56. Be6 f3 57. Rf7 Bg7 58. Nc1 Re1 59. Nd3 Ra1 60. Kb2
Rg1 61. Kc2 e4 62. Nf4 f2 63. Bh3 f1=Q 64. Bxf1 Rxf1 65. Nh5 Rf2+ 66. Kd1 e3
67. Nxg7 Nxd5 68. Rd7 Nc3+ 69. Ke1 Rxa2 70. Kf1 Ra1+ 71. Kg2 e2 0-1

[Event "UKRAINIAN WOMEN CHESS CHAMPIONSHIP 2011"]
[Site "?"]
[Date "2011.10.08"]
[Round "2.13"]
[White "Kurilo, Anna"]
[Black "Sharovskaya, Olga"]
[Result "0-1"]
[WhiteElo "1655"]
[BlackElo "1957"]
[PlyCount "26"]
[EventDate "2011.10.07"]
[SourceDate "2011.10.07"]

1. Nf3 d5 2. b3 Nf6 3. Bb2 c6 4. e3 Bf5 5. c4 e6 6. Na3 h6 7. Nc2 Bd6 8. d3 O-O
9. Bxf6 Qxf6 10. e4 dxe4 11. dxe4 Bxe4 12. Bd3 Qc3+ 13. Qd2 Qxd3 0-1

[Event "UKRAINIAN WOMEN CHESS CHAMPIONSHIP 2011"]
[Site "?"]
[Date "2011.10.09"]
[Round "3.1"]
[White "Gritsayeva, Oksana"]
[Black "Andrenko, Irina"]
[Result "1/2-1/2"]
[WhiteElo "2320"]
[BlackElo "2231"]
[PlyCount "86"]
[EventDate "2011.10.07"]
[SourceDate "2011.10.07"]

1. Nf3 Nf6 2. g3 g6 3. Bg2 Bg7 4. d4 d6 5. O-O O-O 6. b3 c6 7. Bb2 e5 8. dxe5
Ng4 9. c4 Nxe5 10. Qd2 Bg4 11. Rd1 Qf6 12. Nxe5 dxe5 13. Nc3 Na6 14. h3 Bf5 15.
g4 Be6 16. Ba3 Rfd8 17. Ne4 Qh4 18. Qg5 Qxg5 19. Nxg5 Nc7 20. Be7 Rd4 21. e3
Rd7 22. Rxd7 Bxd7 23. Rd1 Be8 24. Ne4 Bf8 25. Nf6+ Kg7 26. Bxf8+ Kxf6 27. h4 g5
28. f4 exf4 29. exf4 gxf4 30. g5+ Kf5 31. Bh3+ Ke4 32. Bg7 Ne6 33. Bf6 c5 34.
Bg2+ f3 35. Re1+ Kf4 36. Be5+ Kg4 37. Bf1 Kxh4 38. Bd3 Kxg5 39. Kf2 h5 40. Rg1+
Kh6 41. Rg8 Rd8 42. Rh8+ Kg5 43. Rg8+ Kh6 1/2-1/2

[Event "UKRAINIAN WOMEN CHESS CHAMPIONSHIP 2011"]
[Site "?"]
[Date "2011.10.09"]
[Round "3.2"]
[White "Rakhmangulova, Anastasiya"]
[Black "Dolzhykova, Kateryna"]
[Result "1/2-1/2"]
[WhiteElo "2207"]
[BlackElo "2311"]
[PlyCount "64"]
[EventDate "2011.10.07"]
[SourceDate "2011.10.07"]

1. e4 e5 2. Nf3 Nc6 3. Bc4 Bc5 4. d3 Nf6 5. Bb3 a6 6. c3 d6 7. O-O Ba7 8. h3 h6
9. d4 O-O 10. Re1 Re8 11. dxe5 Nxe5 12. Nxe5 dxe5 13. Nd2 Be6 14. Bc2 Qe7 15.
Qf3 Rad8 16. Nf1 Nd7 17. Ne3 Nc5 18. Nf5 Bxf5 19. exf5 Qh4 20. Be3 Bb6 21. Rad1
e4 22. Qe2 Rxd1 23. Rxd1 Re5 24. g4 Qxh3 25. Rd8+ Kh7 26. Bd4 e3 27. f3 Qg3+
28. Kf1 Qh3+ 29. Kg1 Qg3+ 30. Kf1 Qh3+ 31. Kg1 Qg3+ 32. Kf1 Qh3+ 1/2-1/2

[Event "UKRAINIAN WOMEN CHESS CHAMPIONSHIP 2011"]
[Site "?"]
[Date "2011.10.09"]
[Round "3.3"]
[White "Gaponenko, Inna"]
[Black "Goreskul, Alyona"]
[Result "1-0"]
[WhiteElo "2445"]
[BlackElo "2199"]
[PlyCount "167"]
[EventDate "2011.10.07"]
[SourceDate "2011.10.07"]

1. e4 e5 2. Nf3 Nf6 3. Nxe5 d6 4. Nf3 Nxe4 5. d4 d5 6. Bd3 Be7 7. O-O Nc6 8. c4
Nb4 9. cxd5 Nxd3 10. Qxd3 Qxd5 11. Re1 Bf5 12. g4 Bg6 13. Nc3 Nxc3 14. Qxc3 f6
15. Qxc7 O-O 16. Rxe7 Qxf3 17. Rxg7+ Kh8 18. Bh6 Qxg4+ 19. Qg3 Qxg3+ 20. hxg3
Rf7 21. Rxf7 Bxf7 22. a3 Re8 23. Rc1 Bd5 24. Kf1 Bc6 25. Rc5 Rd8 26. Rf5 Rd6
27. Bf4 Be4 28. Bxd6 Bxf5 29. Bb8 a6 30. d5 Be4 31. d6 Bc6 32. Ke2 Kg7 33. Ke3
Kf7 34. Kd4 Ke6 35. Kc5 Bf3 36. Bc7 Kd7 37. Ba5 h5 38. Bd2 Ke6 39. b4 Bc6 40.
Bh6 Bf3 41. Bf8 Bc6 42. Be7 Bf3 43. a4 Bc6 44. b5 axb5 45. axb5 Bf3 46. Bxf6
Kd7 47. Be7 Ke6 48. Bf8 Kd7 49. Kb6 Kc8 50. Bg7 Kd7 51. Be5 Kc8 52. Bc3 Kd7 53.
Kc5 Ke6 54. Bb4 Kd7 55. Kd4 Ke6 56. Ke3 Bd1 57. Kf4 Be2 58. Kg5 Bf3 59. Bc5 Kd7
60. Kf6 Ke8 61. Ke6 Bg4+ 62. Ke5 Bf3 63. Ba3 Kd7 64. Kf4 Be2 65. Kg5 Bf3 66.
Kf5 Ke8 67. Kf4 Be2 68. f3 Kd7 69. Ke4 Ke6 70. f4 Bxb5 71. f5+ Kf7 72. Kf4 Bd7
73. Kg5 Bc8 74. f6 Bd7 75. Bb4 Be8 76. Bc3 Ke6 77. Be5 b5 78. Kh6 Kf7 79. Kxh5
b4 80. g4 b3 81. Kh6 Ke6 82. Bb2 Kxd6 83. g5 Ke6 84. g6 1-0

[Event "UKRAINIAN WOMEN CHESS CHAMPIONSHIP 2011"]
[Site "?"]
[Date "2011.10.09"]
[Round "3.6"]
[White "Kalinina, Olga"]
[Black "Tantsiura, Marja"]
[Result "1-0"]
[WhiteElo "2288"]
[BlackElo "2138"]
[PlyCount "65"]
[EventDate "2011.10.07"]
[SourceDate "2011.10.07"]

1. e4 c5 2. Nf3 d6 3. d4 cxd4 4. Nxd4 Nf6 5. Nc3 g6 6. Bc4 Bg7 7. h3 O-O 8. Nf3
Nc6 9. O-O Bd7 10. Re1 a6 11. Nd5 b5 12. Bb3 Na5 13. Bg5 Nxb3 14. axb3 Nxd5 15.
exd5 Re8 16. c3 a5 17. Qd2 a4 18. b4 Ra7 19. Bh6 Bf6 20. Be3 Ra6 21. Bd4 e5 22.
dxe6 fxe6 23. Bxf6 Qxf6 24. Nd4 e5 25. Nxb5 Bxb5 26. Qd5+ Qf7 27. Qxb5 Rea8 28.
Red1 Kf8 29. Rd3 Qb3 30. Qd7 Qxb2 31. Rf3+ Kg8 32. Qe6+ Kh8 33. Rf7 1-0